Vilains apparaissant dans le film Spider-Man : Across the Spider-Verse - Statistiques

Statistiques générales
  • Ce quiz a été pris 82 fois
  • Le résultat moyen est 8 sur 54
Statistiques - réponses
Hint Réponse % Correct
Le méchant principal the Spot / la Tâche
82%
Vilain qui saccage le musée au début du film Vulture / Vautour
74%
Vilains qui ont capturé Miles à la fin du film Prowler / Rôdeur
72%
Prowler / Rôdeur
72%
Kingpin / Caïd
60%
Vilains apparaissant dans les flashbacks de Spider-Punk Kingpin / Caïd
60%
Dr Octopus / Docteur Octopus
46%
Dr Octopus / Docteur Octopus
46%
Vilains apparaissant dans les flashbacks de Miles Green Goblin / Bouffon Vert
43%
Green Goblin / Bouffon-Vert
43%
Rhino
37%
Kraven the Hunter / Kraven le Chasseur
26%
Mysterio
18%
Aaron Davis
15%
Shocker
15%
Chameleon / Caméléon
11%
Chameleon / Caméléon
11%
Hammerhead
8%
Hammerhead
8%
Vilain apparaissant dans les flashbacks de Spider-Man ( Indien ) Hobgoblin / Super-Bouffon
8%
Hobgoblin / Super-Bouffon
8%
Vilain qui tente d'arrêter le métro de Miles Armadillo / Tatou
6%
Beetle / Scarabée
6%
Beetle / Scarabée
6%
Jackal / Chacal
6%
Big Wheel / Grande Roue
3%
Puma
3%
Anti-Araignée / Spider-Slayer
2%
Diamondhead / Tête de Diamant
2%
Diamondhead / Tête de Diamant
2%
Frog-Man / Homme-Grenouille
2%
Frog-Man / Homme-Grenouille
2%
Hypno-Hustler / Hypno-Disco
2%
Spider-Slayer / Anti-Araignée
2%
Stegron
2%
Swiss Miss
2%
Walrus / Morse
2%
Walrus / Morse
2%
Big Man / Grand Patron
0%
Boomerang
0%
Burglar / Cambrioleur
0%
Clam / Palourde
0%
Fancy Dan
0%
Gog
0%
Grizzly
0%
Les anomalies enfermées dans les cristaux Grizzly
0%
Kangaroo / Kangourou
0%
Montana
0%
Screwball
0%
Slyde
0%
Thumper / Bruiteur
0%
Tiger Shark / Requin -Tigre
0%
Typeface / Typographe
0%
Videoman
0%
Aucun quiz correspondant
Distribution des résultats
% des personnes avec chaque résultat
Percentile par nombre de réponses
Votre historique - résultats
Vous n’avez pas pris ce quiz